Geografía histórica e istmicidad, o el puente entre pasado y porvenir: la contribución del atlas histórico de América Central /
Kaydedildi:
| Yazar: | |
|---|---|
| Materyal Türü: | Metin |
| Dil: | Spanish |
| Konular: | |
| Etiketler: |
Etiketle
Etiket eklenmemiş, İlk siz ekleyin!
|
MARC
| LEADER | 00000 a a2200000 04500 | ||
|---|---|---|---|
| 001 | 1133 | ||
| 003 | cru IIS | ||
| 005 | 20210812120247.0 | ||
| 008 | 210812b |||||||| |||| 00| 0 spa d | ||
| 040 | |c cru IIS | ||
| 100 | |a Samper Kutschbach, Mario | ||
| 245 | 1 | |a Geografía histórica e istmicidad, o el puente entre pasado y porvenir: la contribución del atlas histórico de América Central / |c Peters Solórzano, Gertrud | |
| 500 | |a Colección Centroamérica | ||
| 650 | |a RESEÑAS BIBLIOGRAFICAS | ||
| 650 | |a ATLAS | ||
| 650 | |a GEOGRAFIA FISICA | ||
| 650 | |a GEOGRAFIA HUMANA | ||
| 650 | |a CARTOGRAFIA | ||
| 650 | |a HISTORIA | ||
| 650 | |a ANALISIS REGIONAL | ||
| 773 | |g volumen 28, número 1 -2; páginas 189-193 | ||
| 773 | 0 | |0 18765 |9 5848 |a Universidad de Costa Rica. |d San José, Costa Rica: Editorial Universidad de Costa Rica, 1974- |o 21443 |t Anuario de Estudios Centroamericanos / |x 03777316 | |
| 942 | |2 ddc |c PP | ||
| 999 | |c 33777 |d 33777 | ||
